Chemical product design

Bewaard in:
Bibliografische gegevens
Hoofdauteur: Cussler, E. L.
Formaat: Boek
Taal:Undetermined
Gepubliceerd in: Cambridge Cambridge University Press 2001
Onderwerpen:
Tags: Voeg label toe
Geen labels, Wees de eerste die dit record labelt!
Thư viện lưu trữ: Trung tâm Học liệu Trường Đại học Cần Thơ
LEADER 00505nam a2200193Ia 4500
001 CTU_75095
008 210402s9999 xx 000 0 und d
020 |b 446000 
082 |a 660.0685 
082 |b C968 
100 |a Cussler, E. L. 
245 0 |a Chemical product design 
245 0 |c E. L. Cussler 
260 |a Cambridge 
260 |b Cambridge University Press 
260 |c 2001 
650 |a Chemical industry 
904 |i Truc,Hải 
980 |a Trung tâm Học liệu Trường Đại học Cần Thơ